[Event "EICC 2019"]
[Site "Skopia"]
[Date "2019.03.19"]
[Round "2.26"]
[White "Plenca, Jadranko"]
[Black "Van Foreest, Jorden"]
[Result "1/2-1/2"]
[WhiteElo "2487"]
[BlackElo "2621"]
[Annotator "TA"]
[PlyCount "65"]
[EventDate "2019.03.18"]
[EventType "swiss"]
[EventCountry "MKD"]
[SourceTitle "playchess.com"]
[Source "ChessBase"]
[SourceQuality "1"]

{[%evp 9,65,-4,29,25,25,22,21,13,15,11,9,0,8,-8,29,0,69,68,78,95,98,90,94,85,113,97,109,104,96,96,108,108,146,46,76,34,85,88,113,88,99,108,79,0,0,0,0,0,4,0,3,3,3,0,0,0,0,0]} 1. e4 c5 2. Nc3 d6 3. Nge2 Nf6 4. h3 (4. g3 g6 5. Bg2 Nc6 6. d3 Bg7 7. h3 O-O 8. Be3 Rb8 9. f4 Ne8 10. a4 Nd4 11. O-O Nc7 12. g4 a6 13. Rb1 Bd7 14. Ng3 b5 15. axb5 axb5 16. Nce2 b4 17. f5 {0-1 (41) Fedoseev,V (2724)-Giri,A (2783) Wijk aan Zee 2019}) 4... Nc6 5. g4 g6 (5... d5 {with more complications.} 6. exd5 Nxd5 7. Bg2 Nxc3 8. dxc3 Qxd1+ 9. Kxd1 h5) 6. Bg2 {B23: Closed Sicilian: Lines without g3} Bg7 7. d3 O-O 8. Be3 Rb8 9. Qd2 b5 10. Bh6 Bxh6 $146 ({Predecessor:} 10... Nd4 11. Bxg7 Kxg7 12. Nxd4 cxd4 {1-0 (47) Royset,J (2270)-Jaeger,F (2020) Tromsoe 1997}) 11. Qxh6 c4 12. d4 e5 (12... b4 $11 13. Nd1 e5) 13. dxe5 $14 dxe5 14. Rd1 $36 {[%mdl 2048] White is in control.} Nd4 15. Nxd4 exd4 16. O-O b4 17. Ne2 d3 18. cxd3 cxd3 19. Nc1 Qa5 20. Qf4 Rb6 21. Rfe1 ({Not} 21. Rxd3 Ba6 $15) (21. Nxd3 $16 Ne8 22. Qe5) 21... Ba6 $1 22. e5 Nd5 ({Black should play} 22... Nd7 $1 $14) 23. Qd4 Nc7 24. Nxd3 Ne6 {[#]} 25. Qe3 $1 Qxa2 {[#]} 26. Nxb4 (26. f4 $1 $16 {[%cal Rf4f5] And now f5 would win.} Bxd3 27. Rxd3) 26... Rxb4 $11 {The position is equal.} 27. Ra1 Qxb2 {Threatens to win with ...Bb7.} 28. Rxa6 Nd4 {Hoping for ...Nc2.} 29. Rd1 Ne2+ 30. Kh2 Rb3 $1 {[%cal Rb3e3]} 31. Rd2 Rxe3 32. Rxb2 Rxe5 33. Rxa7 {Accuracy: White = 59%, Black = 54%.} 1/2-1/2

[Event "EICC 2019"]
[Site "Skopia"]
[Date "2019.03.19"]
[Round "2.27"]
[White "Indjic, Aleksandar"]
[Black "Fakhrutdinov, Timur"]
[Result "1-0"]
[WhiteElo "2620"]
[BlackElo "2485"]
[Annotator "TA"]
[PlyCount "103"]
[EventDate "2019.03.18"]
[EventType "swiss"]
[EventCountry "MKD"]
[SourceTitle "playchess.com"]
[Source "ChessBase"]
[SourceQuality "1"]

{[%evp 9,103,6,6,0,0,0,0,0,16,0,0,0,0,0,0,0,2,2,32,20,0,28,42,28,53,-34,-33,-122,-122,-125,-116,-122,-125,-126,-92,-92,-98,-101,-27,-120,-118,-131,-112,-121,-92,-139,-124,-202,-132,-125,-114,-183,-190,-191,-194,-184,-199,-231,0,0,0,0,0,0,33,39,108,45,80,75,87,29,45,45,45,45,46,0,8,0,0,0,406,359,1489,1379,29982,29983,29983,29984,29984,29985,29985,29986,29985,29986]} 1. d4 Nf6 2. c4 e6 3. Nf3 d5 4. Nc3 dxc4 5. e4 Bb4 6. Bxc4 {D24: Queen's Gambit Accepted: 3 Nf3 Nf6 4 Nc3} Nxe4 7. O-O Nxc3 (7... Nf6 8. Qa4+ Nc6 9. Ne5 Rb8 10. d5 exd5 11. Nxd5 Nxd5 12. Nxc6 bxc6 13. Qxc6+ Qd7 14. Qxd5 {½-½ (31) Mamedyarov,S (2817)-Caruana,F (2832) Germany 2019}) 8. bxc3 {The position is equal.} Bd6 9. Ng5 h6 10. Ne4 ({Don't play} 10. Nxf7 Kxf7 11. f4 Kf8 $17) 10... O-O 11. Re1 Nd7 12. Qf3 Be7 13. Qg4 $146 {Bxh6 is the strong threat.} ({Predecessor:} 13. Rb1 c5 {1-0 (41) Esipenko,A (2584)-Van Foreest,L (2502) Wijk aan Zee 2019}) 13... Nf6 14. Nxf6+ Bxf6 15. Bd3 Bg5 16. Re5 {[%cal Rc1g5][%mdl 1024] White has compensation.} f5 17. Qe2 (17. Bxg5 $14 Qxg5 18. Qxg5 hxg5 19. Bc4) 17... Be7 $1 $15 18. Bf4 (18. Re3 $15) 18... Bd6 $36 {[%mdl 2048] Black is in control.} 19. Rd1 Bxe5 20. Bxe5 Bd7 21. Bc4 c6 22. Rd3 Kh7 23. Rg3 Rf6 (23... Rg8 $17 24. Bd6 (24. Qh5 Be8 $17) 24... Qe8) 24. h4 (24. Bxf6 $11 Qxf6 25. Re3) 24... Rg6 25. Rh3 Rg4 26. h5 Qg5 27. Qf1 Rg8 28. g3 (28. f4 $17 Qe7 29. g3) 28... Re4 {Hoping for ...Qd2.} 29. f4 Qe7 30. Bd3 (30. g4 $17) 30... Re3 $19 31. Kf2 {[#]} Rxe5 $1 32. fxe5 (32. dxe5 Qc5+) 32... Qa3 33. g4 Qb2+ $2 ({Resist} 33... Qxa2+ 34. Qe2 $17) (33... Kh8 $19 34. Qe1 fxg4) 34. Qe2 $1 $11 {[%cal Re2b2]} Qxe2+ 35. Kxe2 {[%mdl 4096] Endgame KRB-KRB} g6 36. Rf3 Rf8 37. hxg6+ Kxg6 {[#]} (37... Kg7 $1 $14) 38. Ke3 ({White should play} 38. Rg3 $1 $16) 38... Kg7 39. gxf5 exf5 40. Bc4 (40. Rg3+ $16 Kh7 41. Kf4) 40... f4+ 41. Rxf4 Rxf4 42. Kxf4 $14 {KB-KB} Kf8 43. a4 a5 $1 44. Bb3 Ke7 45. c4 {Threatens to win with d5.} Bh3 $2 {[%mdl 8192]} (45... b5 $1 $11 {and Black stays safe.}) 46. d5 $18 c5 $2 (46... Kd7 47. Bd1 Bf1) 47. Bd1 Bf1 48. d6+ {White mates.} Kd7 49. Bg4+ Kc6 50. d7 Kc7 51. e6 Kd8 52. Ke5 {Accuracy: White = 50%, Black = 50%.} 1-0

[Event "EICC 2019"]
[Site "Skopia"]
[Date "2019.03.19"]
[Round "2.28"]
[White "Postny, Evgeny"]
[Black "Studer, Noel"]
[Result "1/2-1/2"]
[WhiteElo "2619"]
[BlackElo "2479"]
[Annotator "TA"]
[PlyCount "174"]
[EventDate "2019.03.18"]
[EventType "swiss"]
[EventCountry "MKD"]
[SourceTitle "playchess.com"]
[Source "ChessBase"]
[SourceQuality "1"]

{[%evp 21,174,11,20,18,31,15,16,13,6,9,10,14,20,7,20,14,51,0,25,5,23,28,29,23,23,33,31,31,32,38,75,0,0,0,11,0,0,0,0,-135,-135,-146,-145,-131,-131,-156,-90,-162,0,-144,-147,-141,-137,-154,-143,-197,-212,-200,-207,-177,-177,-292,-300,-275,-280,-258,-172,-176,-176,-187,-187,-187,-187,-187,-187,-187,-187,-401,-187,-187,0,-392,-392,-391,-385,-511,-495,-494,-480,-472,-456,-425,-220,-241,-217,-242,-61,-61,-61,-61,0,0,0,-61,-61,-61,-61,-61,-61,-61,-61,-61,-61,-61,-61,-102,-61,-83,-77,-102,-20,-20,-20,-20,-20,-20,-20,-20,-8,-8,-8,-8,-8,-8,-8,-8,-8,-8,-8,-14,-14,-14,0,0,0,-8,0,-8,0,-8,-8,-8,-8,-8,-8]} 1. d4 d5 2. c4 dxc4 3. Nf3 Nf6 4. e3 e6 5. Bxc4 a6 6. O-O c5 7. b3 b5 8. Be2 Bb7 9. Bb2 Nbd7 10. a4 b4 11. Nbd2 Be7 12. Rc1 {D27: Queen's Gambit Accepted: Classical main line: 7 e4!? and 7 a4} (12. Nc4 O-O 13. Nfe5 Rc8 14. Bf3 Bd5 15. Rc1 Rc7 16. Qe2 Bxf3 17. Qxf3 Qa8 18. Qxa8 Rxa8 19. Nd3 cxd4 20. Bxd4 {0-1 (70) Postny,E (2612)-Yu,Y (2765) Porto Carras 2018}) 12... Rc8 13. Nc4 O-O 14. Nfe5 cxd4 15. Bxd4 Nxe5 16. Bxe5 Nd7 17. Bd4 a5 $146 ({Predecessor:} 17... Nc5 18. a5 Bd5 19. Nb6 Bxb3 20. Qd2 Rc7 21. Qb2 Bf6 22. Bxf6 Qxf6 23. Qd4 Qe7 24. Qxb4 Bd5 25. Rc3 Nb7 26. Qxe7 Rxe7 27. Ra1 Nd6 28. Bxa6 {1-0 (27) Kharitonov,A (2558)-Grinblat,A (2176) Malevizi 2016}) 18. Qd3 Bc5 19. Rfd1 (19. Bb2 $14) 19... Qg5 {[%csl Gb7][%cal Rg5g2]} 20. Bf1 Ba6 21. Bb2 Nb6 {And now ...Bxc4 would win.} 22. Qe4 Bxc4 23. Bxc4 Nxc4 24. Qxc4 h6 25. h4 Qf5 {aiming for ...Bxe3!} 26. Qa6 ({Better is} 26. Qb5 $1 $16) 26... Rcd8 $11 27. Qe2 Bb6 28. h5 Rxd1+ 29. Rxd1 Rc8 30. Rc1 (30. Rd2 $11) 30... Rxc1+ $17 31. Bxc1 Qd5 32. Qc2 Qxh5 33. Qc6 Qd1+ {[%mdl 64] Double Attack} 34. Kh2 Qh5+ ({Not} 34... Qxb3 35. Qxb6 Qxa4 36. Qd8+ Kh7 37. Qd3+ Kg8 38. Qd8+ Kh7 39. Qd3+ Kh8 40. Qd8+ Kh7 $11) 35. Kg1 Bc5 $36 {[%mdl 2048] Black is really pushing.} 36. Qa8+ Bf8 37. Qd8 Qf5 {White must now prevent ...Qc2.} 38. Qd1 (38. e4 $17 {is a better defense.} Qxe4 39. Be3) 38... Qb1 $19 39. Kf1 g6 40. Ke2 Bg7 41. f3 (41. Bd2 $142 Qb2 42. Kf1) 41... Qa2+ 42. Kf1 Bc3 43. e4 Kg7 44. Be3 e5 45. Kg1 Qb2 46. Kh2 Bd4 47. Bd2 h5 48. Kh3 f6 49. Bc1 $2 (49. Kh2) 49... Qc3 (49... Qa1 $142 50. Kg3 g5) 50. Bd2 Qb2 $2 (50... Qc8+ 51. Kh2 g5) 51. Bc1 $1 {[%cal Rc1b2] [#]} Qa1 $1 52. Kh2 g5 53. Kh3 Qb1 54. Kh2 Kf7 55. Qf1 {intending Qc4+.} Qxb3 56. Qb5 Qe6 (56... Kg7 $142 57. Bd2 Kg6) 57. Qxa5 Qc6 58. Qd8 {[#]} Qxa4 $2 ({Worse is} 58... Qxc1 59. Qd7+ Kf8 60. Qd8+ Kg7 61. Qe7+ Kg8 62. Qd8+ Kh7 63. Qe7+ Kg8 64. Qe8+ Kh7 65. Qf7+ Kh8 66. Qxf6+ Kg8 67. Qd8+ Kf7 68. Qd7+ Kf6 69. Qd6+ Kf7 70. Qd7+ Kg8 71. Qe8+ Kh7 72. Qf7+ Kh8 73. Qf8+ Kh7 74. Qf7+ Kh8 75. Qf8+ Kh7 76. Qf7+ $11) (58... Bb6 $1 $19 {[%cal Rb6d8]} 59. Qd3 Ke7) 59. Qc7+ $15 Kg6 {...Qd1 is the strong threat.} 60. Qc4 $1 Kg7 (60... Qd7 $15 61. Qxb4 Kg7) 61. Qc7+ $1 $11 Kg6 (61... Kh6 $11) 62. Qc4 $1 $15 Qa7 {Threatens to win with ...Bg1+.} (62... Qd7 {seems wilder.} 63. Qxb4 Qc8 64. Qb1 h4 65. Bd2 Ba7) 63. Qxb4 Bg1+ 64. Kh1 Bc5 65. Qc4 Kg7 66. Kh2 Bg1+ 67. Kh1 Bb6 68. Kh2 Qd7 {Hoping for ...Qd1.} 69. Qb4 Bf2 70. Ba3 h4 (70... Qc8 $17 71. Qd6 h4) 71. Qf8+ $11 {The position is equal.} Kh7 {( -> ...Bg3+)} 72. Qe7+ Qxe7 73. Bxe7 {[%mdl 4096] Endgame KB-KB} Kg6 74. Kh3 f5 75. exf5+ Kxf5 76. Bb4 $1 Bg3 77. Bd2 $1 Bf4 78. Be1 (78. Bc3 {with more complications.} Be3 79. Be1 Bb6 80. g3 Bd8 81. Bd2) 78... Be3 79. g3 hxg3 80. Kxg3 Bf4+ 81. Kg2 Ke6 82. Kh3 Kd5 83. Kg4 Kd4 84. Ba5 Kd3 85. Bc7 e4 {[%mdl 64] Discovered Attack} 86. fxe4 $1 Bxc7 87. Kxg5 Kxe4 {Accuracy: White = 66%, Black = 62%.} 1/2-1/2

[Event "EICC 2019"]
[Site "Skopia"]
[Date "2019.03.19"]
[Round "2.29"]
[White "Zajic, Milan"]
[Black "Martirosyan, Haik M."]
[Result "1-0"]
[WhiteElo "2485"]
[BlackElo "2616"]
[Annotator "TA"]
[PlyCount "97"]
[EventDate "2019.03.18"]
[EventType "swiss"]
[EventCountry "MKD"]
[SourceTitle "playchess.com"]
[Source "ChessBase"]
[SourceQuality "1"]

{[%evp 9,97,1,3,-12,-8,-10,-10,-15,24,9,17,29,5,0,43,44,43,7,16,0,0,0,0,-10,-6,-20,-10,-18,0,-4,0,0,0,0,10,-8,-14,-11,-12,-11,-10,-12,-10,-15,0,-6,-6,-29,0,-3,0,0,0,-17,-1,-9,0,-25,-35,-23,0,0,170,164,210,223,227,222,517,688,671,306,638,628,529,462,29970,29971,29968,29969,29971,29975,29969,6291,6175,6175,2137,2006,29987,29988]} 1. d4 e6 2. Nf3 Nf6 3. Bf4 d5 4. e3 c5 5. c3 Bd6 6. Bg3 {D02: 1 d4 d5 2 Nf3 sidelines, including 2...Nf6 3 g3 and 2...Nf6 3 Bf4} Qc7 (6... Nc6 7. Nbd2 O-O 8. Bb5 cxd4 9. exd4 Ne7 10. Bd3 Ng6 11. O-O Bxg3 12. fxg3 b5 13. Qe2 Qb6 14. Ng5 b4 15. Ndf3 h6 {½-½ (34) Naroditsky,D (2616)-Mamedyarov,S (2817) chess.com INT 2019}) 7. Nbd2 Nbd7 8. Bd3 {The position is equal.} e5 9. dxe5 Nxe5 10. Nxe5 Bxe5 11. Bb5+ Bd7 12. Bxd7+ Nxd7 13. Bxe5 Qxe5 {[#]} 14. Qa4 $146 Qe6 15. O-O O-O 16. Nf3 Nf6 17. Rad1 h6 18. Rd2 Rfe8 19. Rfd1 Qb6 20. Qc2 Qc6 21. h3 b5 22. Rd3 a5 23. Nh2 h5 24. Nf3 a4 25. R3d2 g6 26. b3 axb3 27. axb3 Ra6 28. Qb2 Qa8 29. Ng5 Re5 30. Nf3 Re8 31. Ng5 c4 32. Qb1 Ra3 33. Rb2 d4 34. bxc4 dxc3 35. Rxb5 Qa4 $2 {[#]} (35... Ra2 $1 $11 36. Rc1 Rd8) 36. Rc1 $1 $18 Qxc4 37. Rb7 Qc6 38. Nxf7 Nd7 $2 {[#]} (38... Nd5 {is a better defense.} 39. Kh1 Ra4) 39. Rxd7 $1 {[%mdl 576] Deflection} Qxd7 40. Qxg6+ {[%mdl 64] Double Attack} Kf8 41. Ng5 {Nh7+ is the strong threat.} Re7 42. Rb1 {White wants to mate with Rb8+.} Rb3 (42... Qc7 $18 43. Qxh5 Kg8 44. Qg6+ Kh8 45. Qf6+ Kg8) 43. Qf6+ Rf7 44. Qh8+ {[%mdl 64] Double Attack} Ke7 45. Qe5+ Kf8 46. Rxb3 (46. Ra1 $142 Qb7 47. Ne6+ {[%mdl 64] Discovered Attack} Kg8 48. Qg5+ Kh8 49. Qxh5+ Kg8 50. Qg6+ Kh8 51. Ra5) 46... Qd1+ 47. Kh2 {Intending Rb8+ and mate.} Qxb3 48. Ne6+ {[%mdl 64] Discovered Attack} Kg8 49. Qg5+ {Accuracy: White = 47%, Black = 52%.} 1-0

[Event "EICC 2019"]
[Site "Skopia"]
[Date "2019.03.19"]
[Round "2.30"]
[White "Radovanovic, Mihajlo"]
[Black "Vocaturo, Daniele"]
[Result "0-1"]
[WhiteElo "2483"]
[BlackElo "2616"]
[Annotator "TA"]
[PlyCount "82"]
[EventDate "2019.03.18"]
[EventType "swiss"]
[EventCountry "MKD"]
[SourceTitle "playchess.com"]
[Source "ChessBase"]
[SourceQuality "1"]

{[%evp 25,82,16,6,6,14,8,7,2,20,-12,-17,-14,-2,0,-10,-51,-29,-83,-95,-97,-97,-89,-95,-84,-84,-84,-96,-90,-80,-76,-86,-156,-156,-155,-155,-158,-155,-154,-155,-174,-156,-164,-140,-136,-136,-202,-206,-208,-185,-187,-189,-305,-305,-313,-327,-316,-325,-404,-397]} 1. d4 Nf6 2. Nf3 d5 3. c4 e6 4. Nc3 c6 5. e3 Nbd7 6. Qc2 b6 7. Bd3 Bb7 8. O-O Be7 9. b3 dxc4 {D45: Semi-Slav: 5 e3} 10. bxc4 c5 11. d5 exd5 12. cxd5 Nxd5 13. Nxd5 Bxd5 {LiveBook: 16 Games} 14. Rd1 Be6 15. Bb2 {Strongly threatening Bb5.} Bf6 {[#]} 16. Be4 $146 {Hoping for Bxf6.} ({Predecessor:} 16. Bb5 Bxb2 17. Qxb2 {0-1 (36) Yilmaz,M (2613)-Dreev,A (2664) Almaty 2016}) 16... Rc8 17. Ne5 Qc7 $1 18. Nxd7 Bxd7 19. Bxf6 gxf6 20. f4 h6 21. Bf5 (21. a4 $11 {remains equal.}) 21... Bxf5 $17 22. Qxf5 Qc6 23. e4 Qe6 24. Qh5 Rd8 25. e5 fxe5 26. fxe5 O-O 27. Rf1 Qg6 $36 {[%mdl 2048] Black is on the roll.} 28. Qh3 ({White should try} 28. Qf3) 28... Rd3 $1 {[%cal Rd3h3]} 29. g3 Qg5 30. Rae1 {[#]} Re3 $1 31. Rxe3 Qxe3+ {[%mdl 4096] Endgame KQR-KQR} 32. Kh1 Qe4+ 33. Kg1 Kg7 34. Qh5 Qe3+ 35. Kh1 {[#]} (35. Kg2 $17) 35... Qg5 $1 $19 {[%cal Rg5h5]} 36. Qe2 Re8 37. Qf3 Qg6 ({Worse is} 37... Qxe5 38. Qxf7+ Kh8 39. Rf6 $11) 38. Qd5 (38. Qe2 {was worth a try.}) 38... Qe6 39. Qf3 Rd8 40. Kg1 Rd5 41. Qh5 Rxe5 {Precision: White = 50%, Black = 92%.} 0-1

[Event "EICC 2019"]
[Site "Skopia"]
[Date "2019.03.19"]
[Round "2.31"]
[White "Diermair, Andreas"]
[Black "Chigaev, Maksim"]
[Result "0-1"]
[WhiteElo "2478"]
[BlackElo "2613"]
[Annotator "TA"]
[PlyCount "74"]
[EventDate "2019.03.18"]
[EventType "swiss"]
[EventCountry "MKD"]
[SourceTitle "playchess.com"]
[Source "ChessBase"]
[SourceQuality "1"]

{[%evp 11,74,26,31,28,41,35,60,-4,-4,6,0,-7,0,0,-8,-2,4,5,0,0,0,0,5,-25,-30,-15,-12,-10,-16,-22,-12,-6,-11,-25,0,0,0,0,0,-22,-25,-114,-114,-114,-114,-114,-114,-114,-114,-114,-114,-114,-57,-57,-53,-283,-281,-414,-396,-429,-421,-699,-715,-692,-689]} 1. d4 Nf6 2. c4 g6 3. Nc3 Bg7 4. e4 d6 5. h3 O-O 6. Be3 Na6 7. g4 {E71: King's Indian: 4 e4 d6 5 h3} c6 8. Bg2 (8. Nge2 Nc7 9. Ng3 b5 10. cxb5 cxb5 11. Bg2 e5 12. dxe5 dxe5 13. Qxd8 Rxd8 14. O-O b4 {½-½ (39) Parligras,M (2623)-Grischuk,A (2769) Douglas 2018}) 8... e5 9. d5 $146 (9. Nge2 $14) ({Predecessor:} 9. Nge2 exd4 10. Bxd4 Qe7 11. O-O Nc5 12. Ng3 Ne6 13. Be3 Nd7 14. Qd2 a5 {1-0 (40) Dai,C (2433)-Nitin,S (2461) Xingtai 2018}) 9... cxd5 $11 10. cxd5 b5 11. Nge2 b4 12. Na4 Bd7 13. a3 Qa5 14. axb4 Qxb4+ 15. Bd2 Qb7 16. O-O Rfc8 17. b3 Rab8 18. Be3 Bb5 19. Qd2 Bxa4 20. Rxa4 Nc5 21. Bxc5 Rxc5 22. Rc1 (22. Rb1 {keeps more tension.} Nd7 23. Nc1 Rbc8 24. Nd3 Rc3 25. Bf1) 22... Nd7 23. b4 Rxc1+ 24. Qxc1 Rc8 25. Qa1 Rc7 26. Ra3 (26. Nc1 $11 {remains equal.}) 26... Qxb4 $17 27. Rxa7 Rxa7 28. Qxa7 Nc5 $36 {[%mdl 2048] Black is really pushing.} 29. Qa8+ Bf8 {[#] Strongly threatening ...Qe1+.} 30. Ng3 Qe1+ 31. Bf1 Nd3 ({Black should try} 31... Kg7 $17 32. Qa2 Be7) 32. Qa2 $1 $15 Nf4 {White must now prevent ...Be7.} 33. Kh2 $2 {[#]} ({Only move:} 33. h4 $1 $15) 33... Be7 $19 34. Bg2 (34. Bc4 $142) 34... Bh4 35. Bf3 Kg7 {Black is clearly winning.} 36. Qc2 (36. Qb2 $142 Bd8 37. Bg2) 36... Bd8 37. Qb2 Ba5 {Accuracy: White = 48%, Black = 68%.} 0-1

[Event "EICC 2019"]
[Site "Skopia"]
[Date "2019.03.19"]
[Round "2.32"]
[White "Jurcik, Marian"]
[Black "Erdos, Viktor"]
[Result "1/2-1/2"]
[WhiteElo "2474"]
[BlackElo "2612"]
[Annotator "TA"]
[PlyCount "34"]
[EventDate "2019.03.18"]
[EventType "swiss"]
[EventCountry "MKD"]
[SourceTitle "playchess.com"]
[Source "ChessBase"]
[SourceQuality "1"]

{[%evp 17,34,22,35,0,8,3,9,0,0,0,14,9,10,0,0,0,0,-18,0]} 1. e4 c5 2. Nf3 Nc6 3. Nc3 a6 4. d4 cxd4 5. Nxd4 e6 6. Nxc6 bxc6 7. Bd3 d5 8. O-O Nf6 9. Qe2 Be7 10. Bd2 {B46: Sicilian: Taimanov: 5 Nc3 a6} (10. b3 O-O 11. Bb2 Bb7 12. Rad1 Qc7 13. Na4 dxe4 14. Bxe4 Nxe4 15. Qxe4 c5 16. Qg4 g6 17. c4 Rfd8 18. Bc3 Rxd1 19. Rxd1 Rd8 20. Rxd8+ Qxd8 {1-0 (42) Anand,V (2773)-Grachev,B (2626) St Petersburg 2018}) 10... O-O {The position is equal.} 11. Rae1 Re8 12. e5 Nd7 $1 13. Na4 a5 {[#]} 14. b3 $146 ({Predecessor:} 14. c4 Ba6 15. b3 dxc4 16. Bxc4 Bxc4 17. Qxc4 Nxe5 {0-1 (39) Chebotarev,O (2505)-Grigoriants,S (2579) Tomsk 2006}) 14... Nb6 15. Nxb6 Qxb6 16. Qg4 Ba6 17. c4 dxc4 {Accuracy: White = 69%, Black = 81%.} 1/2-1/2

[Event "EICC 2019"]
[Site "Skopia"]
[Date "2019.03.19"]
[Round "2.33"]
[White "Romanov, Evgeny"]
[Black "Livaic, Leon"]
[Result "1/2-1/2"]
[WhiteElo "2612"]
[BlackElo "2477"]
[Annotator "TA"]
[PlyCount "49"]
[EventDate "2019.03.18"]
[EventType "swiss"]
[EventCountry "MKD"]
[SourceTitle "playchess.com"]
[Source "ChessBase"]
[SourceQuality "1"]

{[%evp 14,49,54,28,52,46,47,43,44,37,29,25,68,64,71,69,62,63,69,71,62,72,65,76,75,19,13,12,25,8,38,0,14,0,9,0,0,0]} 1. c4 Nf6 2. Nf3 g6 3. g3 Bg7 4. Bg2 O-O 5. O-O d6 6. d4 Nc6 7. Nc3 Bg4 8. Be3 Qc8 {E62: King's Indian: Fianchetto: 6...c6 and Panno Variation (6...Nc6) without ...a6} 9. d5 Nb8 $146 ({Predecessor:} 9... Ne5 10. Nxe5 dxe5 11. Qb3 Bh3 12. Bg5 Bxg2 13. Kxg2 b6 14. e4 Re8 15. Qb5 Nh5 16. f3 {1-0 (31) Kurajica,B (2540)-Gavric,M (2396) Neum 2004}) 10. c5 Bh3 {White is slightly better.} 11. Rc1 Bxg2 12. Kxg2 dxc5 13. Bxc5 Re8 14. e4 e6 15. Bd4 {Threatens to win with Nb5.} exd5 16. Nxd5 Nxd5 17. exd5 {And now Bxg7 would win.} Nd7 18. Bxg7 Kxg7 19. Qd4+ (19. Re1 $16) 19... Nf6 $1 $11 20. Rc5 Qd8 21. Rfc1 Re7 22. Ne5 Kg8 {The position is equal.} 23. Rd1 Nd7 24. Ng4 {[#] Threatening mate with Nh6+.} h5 25. Nf6+ {Accuracy: White = 70%, Black = 63%.} 1/2-1/2

[Event "EICC 2019"]
[Site "Skopia"]
[Date "2019.03.19"]
[Round "2.34"]
[White "Gumularz, Szymon"]
[Black "Lupulescu, Constantin"]
[Result "1/2-1/2"]
[WhiteElo "2473"]
[BlackElo "2611"]
[Annotator "TA"]
[PlyCount "68"]
[EventDate "2019.03.18"]
[EventType "swiss"]
[EventCountry "MKD"]
[SourceTitle "playchess.com"]
[Source "ChessBase"]
[SourceQuality "1"]

{[%evp 17,68,6,10,-38,13,7,6,9,16,3,14,0,0,0,4,0,11,20,30,0,0,-20,-33,-43,-28,-19,-19,-15,-14,-14,0,-125,-52,-67,-58,-68,-74,-76,-71,-68,-35,-37,0,0,0,0,0,0,0,0,0,0,0]} 1. d4 d5 2. c4 e6 3. Nc3 Bb4 4. e3 Nf6 5. a3 Bxc3+ 6. bxc3 c6 7. Bd3 O-O 8. Ne2 {E49: Nimzo-Indian: Rubinstein: 5 Bd3 d5 6 a3 Bxc3+ 7 bxc3} b6 9. O-O Ba6 {LiveBook: 8 Games} 10. Ng3 (10. cxd5 cxd5 11. Bxa6 Nxa6 12. Qd3 Qc8 13. f3 Nb8 14. e4 Qa6 15. Qe3 Nc6 {1-0 (52) Radjabov,T (2741)-Movsesian,S (2671) Heraklio 2017 CBM 182 [Radjabov,T]}) 10... Nbd7 (10... Bxc4 $15 11. Bxc4 dxc4) 11. cxd5 $11 Bxd3 12. Qxd3 {Threatens to win with dxe6.} cxd5 13. f3 Qc7 $146 ({Predecessor:} 13... h5 14. Bd2 h4 15. Nh1 Re8 {1-0 (34) Tari,A (2597)-Laxman,R (2403) Dubai 2017}) 14. e4 Rac8 15. e5 Ne8 16. Bd2 f6 17. f4 f5 18. Kh1 Qc4 19. Qf3 b5 20. Rg1 g6 21. Ne2 Nb6 22. Be1 {[%cal Bd2e1,Be1h4,Bh4e7][%mdl 32]} Qb3 23. Bh4 Qc2 24. g4 (24. Be7 $11) 24... Na4 (24... fxg4 $17 25. Rxg4 Rf7) 25. gxf5 Qxf5 26. Be7 Rf7 27. Bb4 Ng7 28. Raf1 Qh5 29. Qd3 a6 30. f5 $1 $36 {[%cal Rf5f6][%mdl 2048] The position is equal. White is pushing.} Rxf5 31. Ng3 $1 {[%cal Rg3h5]} Qh3 32. Nxf5 Qxd3 33. Nh6+ Kh8 34. Nf7+ Kg8 {Precision: White = 70%, Black = 45%.} 1/2-1/2

[Event "EICC 2019"]
[Site "Skopia"]
[Date "2019.03.19"]
[Round "2.35"]
[White "Pavlov, Sergey"]
[Black "Predke, Alexandr"]
[Result "1/2-1/2"]
[WhiteElo "2471"]
[BlackElo "2611"]
[Annotator "TA"]
[PlyCount "55"]
[EventDate "2019.03.18"]
[EventType "swiss"]
[EventCountry "MKD"]
[SourceTitle "playchess.com"]
[Source "ChessBase"]
[SourceQuality "1"]

{[%evp 11,55,2,14,-10,-10,-9,-14,0,2,14,9,0,8,0,0,0,0,0,6,0,0,0,0,0,25,22,29,20,19,15,20,0,0,0,0,0,67,53,68,62,60,54,59,50,61,49]} 1. c4 e5 2. Nc3 Nf6 3. Nf3 Nc6 4. e3 Bb4 5. Qc2 Bxc3 6. Qxc3 Qe7 7. d4 {[%cal Rf3e5] A28: English Opening: Four Knights Variation} Ne4 8. Qd3 exd4 9. Nxd4 {The position is equal.} Nc5 (9... Qb4+ 10. Bd2 Nxd2 11. Qxd2 Qe7 12. Nxc6 bxc6 13. Qc3 O-O 14. c5 a5 {1-0 (36) Duda,J (2738)-Svidler,P (2737) St Petersburg 2018}) 10. Qd1 Nxd4 11. Qxd4 O-O 12. b3 $146 ({Predecessor:} 12. Be2 b6 13. Bf3 Bb7 14. Bxb7 Nxb7 {1-0 (62) Stark,L (2368)-Severina,M (2242) Riga 2018}) 12... b6 13. Bb2 {[%csl Gb2][%cal Rd4g7] [#]} Ne6 14. Qc3 Bb7 15. h4 f5 16. O-O-O a5 17. f3 Bc6 18. Bd3 Rae8 19. Bc2 Nc5 20. Rde1 d6 21. h5 {[#] h6 is the strong threat.} h6 22. Rh3 Rf7 23. Rg3 {Black must now prevent Bxf5!} Qe5 (23... Bd7 $11) 24. Qxe5 $14 {White is slightly better.} dxe5 25. Rd1 Bd7 26. f4 exf4 27. exf4 Bc6 28. Bd4 {Accuracy: White = 87%, Black = 85%.} 1/2-1/2